ბათუმის შოთა რუსთაველის სახელმწიფო უნივერსიტეტის ბიბლიოთეკა

Начертательная геометрия (ბიბ.ჩანაწერი № 39096)

000 -LEADER
fixed length control field 00685nam a2200217Ia 4500
001 - CONTROL NUMBER
control field 5667
003 - CONTROL NUMBER IDENTIFIER
control field GE_BSU
008 - FIXED-LENGTH DATA ELEMENTS--GENERAL INFORMATION
fixed length control field 181216s||||||||xx |||||||||||||| ||und||
040 ## - CATALOGING SOURCE
Transcribing agency GE_BSU
080 ## - UNIVERSAL DECIMAL CLASSIFICATION NUMBER
Universal Decimal Classification number 514.18(075.8)
100 ## - MAIN ENTRY--PERSONAL NAME
Personal name Крылов, Н.Н.; П.И.Лобандиевский; С.А.Мэн;
245 ## - TITLE STATEMENT
Title Начертательная геометрия
245 ## - TITLE STATEMENT
Remainder of title Учебник для студ транспортных и строит.вузов
245 ## - TITLE STATEMENT
Statement of responsibility, etc. под.ред.Н.Н.Крыловаа
260 ## - PUBLICATION, DISTRIBUTION, ETC.
Place of publication, distribution, etc. М
260 ## - PUBLICATION, DISTRIBUTION, ETC.
Name of publisher, distributor, etc. Госиздат
260 ## - PUBLICATION, DISTRIBUTION, ETC.
Date of publication, distribution, etc. 1959
300 ## - PHYSICAL DESCRIPTION
Extent 367 с.22см
653 ## - INDEX TERM--UNCONTROLLED
Uncontrolled term Начертательная геометрия
942 ## - ADDED ENTRY ELEMENTS (KOHA)
Koha item type წიგნი
ეგზემპლარები
Withdrawn status Lost status Damaged status Not for loan Date acquired Barcode Date last seen Price effective from Koha item type
        2018-12-17 16245 2018-12-17 2018-12-17 წიგნი